00473nam a2200145Ia 4500003000900000008004100009020002600050020002900076040001600105100002200121245006600143260003200209300002000241856006600261IN-BaIIA211028s9999 xx s 000 0 eng d a9781510619432 (Print) a9781510619449  (Online) cIIA Library aAsimellis, George 0aIntroduction to Optics: Lectures in Optics, Volume 1h[eBook] aWashington, USAbSPIEc2020 aOnline resource uhttps://doi.org/10.1117/3.2318475yClick Here to Access eBook